Lý thuyết cơ sở dữ liệu. Tập 1 /

Đã lưu trong:
Chi tiết về thư mục
Tác giả chính: Nguyễn, Thị Ngọc Mai
Định dạng: Sách
Ngôn ngữ:Vietnamese
Được phát hành: Lao động xã hội 2007
Các nhãn: Thêm thẻ
Không có thẻ, Là người đầu tiên thẻ bản ghi này!
Thư viện lưu trữ: Mạng thư viện Đại học Đà Nẵng
LEADER 00720nam a2200265 4500
001 000027917
003 NG-M
005 20150403120000.0
008 150403s vm 000 vie
020 |c 0,0000 
040 |a notts 
100 |a Nguyễn, Thị Ngọc Mai 
245 |a Lý thuyết cơ sở dữ liệu. Tập 1 /  |c Nguyễn Thị Ngọc Mai, Nguyễn Thị Kim Trang ; Đoàn Thiện Ngân hiệu đính . 
260 |b Lao động xã hội  |c 2007 
OWN |a LTT 
999 |a From the UDN01 
TYP |a Monograph 
TYP |a Printed language 
980 |a Mạng thư viện Đại học Đà Nẵng